100 Stories You will never forget (Record no. 94734)

MARC details
000 -LEADER
fixed length control field 00514nam a2200205Ia 4500
005 - DATE AND TIME OF LATEST TRANSACTION
control field 20251121153240.0
008 - FIXED-LENGTH DATA ELEMENTS--GENERAL INFORMATION
fixed length control field 230125s9999 xx 000 0 und d
020 ## - INTERNATIONAL STANDARD BOOK NUMBER
International Standard Book Number 9788184956528
041 ## - LANGUAGE CODE
Language code of text/sound track or separate title eng
082 ## - DEWEY DECIMAL CLASSIFICATION NUMBER
Classification number 158.1
Item number VAS
100 ## - MAIN ENTRY--PERSONAL NAME
Author Vaswani J P
245 ## - TITLE STATEMENT
Title 100 Stories You will never forget
250 ## - EDITION STATEMENT
Edition statement Ed.1st
260 ## - PUBLICATION, DISTRIBUTION, ETC.
Date of publication, distribution, etc. 2016
Name of publisher, distributor, etc. Jaico Publishing House
Place of publication, distribution, etc. Mumbai
300 ## - PHYSICAL DESCRIPTION
Extent 204p
500 ## - GENERAL NOTE
Keywords Personality Development
700 ## - ADDED ENTRY--PERSONAL NAME
Personal name Vaswani J P
942 ## - ADDED ENTRY ELEMENTS (KOHA)
Koha item type Books
906 ## - LOCAL DATA ELEMENT F, LDF (RLIN)
b 92.69
Holdings
Withdrawn status Lost status Damaged status Not for loan Home library Current library Date acquired Vendor Net Price Bill number Total Checkouts Total Renewals Full call number Barcode Date last seen Date last checked out Actual Price Bill Date Koha item type Original Barcode
        Smt. Hiraben Nanavati Institute of Management & Research for Women Smt. Hiraben Nanavati Institute of Management & Research for Women 16/03/2017 Suyog Enterprises 299.00 SE/SI/3867 8 2 158.1 VAS B15613 HIMR-BK-15613 24/03/2026 17/03/2026 206.31 08/03/2017 Books B15613